Statistical methods in bioinfomatics : an introduction
Αποθηκεύτηκε σε:
| Κύριος συγγραφέας: | |
|---|---|
| Άλλοι συγγραφείς: | |
| Μορφή: | Βιβλίο |
| Γλώσσα: | English |
| Δημοσίευση: |
New York, N.Y. :
Springer,
c2005
|
| Έκδοση: | 2η εκδ. |
| Σειρά: | Statistics for biology and health
|
| Θέματα: | |
| Ετικέτες: |
Προσθήκη ετικέτας
Δεν υπάρχουν, Καταχωρήστε ετικέτα πρώτοι!
|
MARC
| LEADER | 00000nam a2200000 i 4500 | ||
|---|---|---|---|
| 001 | 1/50490 | ||
| 008 | 070803s2005 eng d | ||
| 020 | |a 978-0387-40082-2 | ||
| 020 | |a 0-387-40082-6 | ||
| 035 | |l 10089470 | ||
| 040 | |a GR-MY-UA |b gre |e aacr | ||
| 041 | 0 | |a eng | |
| 082 | 0 | |a 572.80285 |2 (22) | |
| 100 | 1 | |a Ewens, W. J. |q (Warren John) |d 1937- | |
| 245 | 1 | 0 | |a Statistical methods in bioinfomatics : |b an introduction / |c Warren J. Ewens, Gregory R. Grant. |
| 250 | |a 2η εκδ. | ||
| 260 | |a New York, N.Y. : |b Springer, |c c2005 | ||
| 300 | |a xx, 597 σ.; |b εικ.; |c 24 εκ. | ||
| 490 | 1 | |a Statistics for biology and health | |
| 504 | |a Περιλαμβάνει βιβλιογραφικές παραπομπές (σ.[561]-580) και ευρετήριο. | ||
| 650 | 0 | 0 | |a Bioinformatics |x Statistical methods. |
| 700 | 1 | |a Grant, Gregory R. (Gregory Robert) |d 1965- | |
| 830 | 0 | |a Statistics for biology and health | |
| 852 | |a INST |b SAMOS |e 20070803 |h 572.80285 EWE |p 005300025577 |q 005300025577 |t BK |y 0 | ||
| 901 | |a BIBL3-2007-2 | ||
| 909 | |a Σ |b 137168 | ||
| 922 | |a 3ΕΛΗ |b 200707 |c ΕΠΕΑΕΚ2/ΤΜΠΕΣ |d ΠΑΠΑΣΩΤΗΡΙΟΥ | ||
| 970 | |a ΣΙΤΖΙΜΗ |b ΓΙΑΣΕΜΗ |z 2007/08/3 | ||